000 00644nam a22002412a 4500
999 _c7445
_d7445
001 7445
003 BD - JhCC
005 20180210121618.0
008 500101s1959 enk 000 0 eng d
035 _a(BD - JhCC)7445
040 _aUDU
_cUDU
_dEQO
_dBD - JhCC
041 _aeng
082 _bLAM 1959
090 _aD743
_b.L35
100 1 _aLamb, G.F.
245 1 0 _aGreat exploits of the Second World War /
_cby G.F. Lamb
260 _aLondon :
_bGeorge G. Harrap Co,
_c1959
300 _a221 p. :
_bill. ;
_c20 cm
504 _aBibliography: pp. 220-221
650 0 _aWorld War, 1939-1945
_xHistory
942 _2ddc
_cBK